| 000 | 01269pam a2200325 a 4500 | ||
|---|---|---|---|
| 001 | 3035425 | ||
| 003 | OSt | ||
| 005 | 20140310181739.0 | ||
| 008 | 951018s1996 enka b 001 0 eng | ||
| 010 | _a 95045177 | ||
| 020 | _a0415130328 | ||
| 040 |
_aDLC _cDLC _dDLC |
||
| 050 | 0 | 0 |
_aTA 174 _b.Un47 1996 |
| 082 | 0 | 0 |
_aTR 372.35 _2 _bUn2 1996 |
| 100 |
_a Les Tickle. _9235 |
||
| 245 | 0 | 0 |
_aUnderstanding design and technology in primary schools : _bcases from teachers' research / _cedited by Les Tickle. |
| 260 |
_aLondon ; _aNew York : _bRoutledge, _c1996. |
||
| 300 |
_ax, 217 p. : _bill. ; _c24 cm. |
||
| 504 | _aIncludes bibliographical references and index. | ||
| 521 |
_aTeacher's Reference _bLexile |
||
| 526 | _c1210L to 1700L | ||
| 541 | _j1 | ||
| 562 | _eFor circulation 1 copy in the collection | ||
| 650 | 0 |
_aEngineering design _xStudy and teaching (Primary) _xCase studies. _9236 |
|
| 700 | 1 |
_aTickle, Les. _990 |
|
| 856 | 4 | 2 |
_3Publisher description _uhttp://www.loc.gov/catdir/enhancements/fy0914/95045177-d.html |
| 906 |
_a7 _bcbc _corignew _d1 _eocip _f19 _gy-gencatlg |
||
| 942 |
_2lcc _cBK _kTR |
||
| 999 |
_c2691 _d2691 |
||